000 00403nam a22001577a 4500
003 OSt
008 260324b |||||||| |||| 00| 0 eng d
020 _a9798885752268
082 _a181.4 CHT
100 _aCHATURVEDI,Ajay
245 _aTime Kala Gati The Cosmic Flow of Time and History Vol.2
250 _a1st Ed
260 _aGurugram
_bGaruda Prakashan
_c2024
300 _a330p
942 _2ddc
_cREF
999 _c13882
_d13882